000 00302nam a2200133Ia 4500
005 20251222144835.0
008 251222s9999||||xx |||||||||||||| ||spa||
020 _a84-8239-587-4
082 _a269/B24
100 _aBarthelet, Philippe
245 0 _aSan Bernardo:
264 _bPalabra
942 _cLIB
999 _c21020
_d21020